| 000 | 00876cab a22001935a 4500 | ||
|---|---|---|---|
| 001 | L141473 | ||
| 008 | 071127e20071031xxko f 000 0 eng d | ||
| 035 | _a(Sirsi) u141473 | ||
| 041 | 0 | _aeng | |
| 100 | 1 | _aPrior, Grant | |
| 245 | 0 | 0 | _aOffsite construction ready to roll |
| 260 | _c2007 | ||
| 490 | 0 |
_aContract Journal _v440(6649) 31 October 2007, 15-17(3) |
|
| 520 | _aLooks at the growing popularity of offsite construction techniques and products. While the offsite industry currently accounts for only 3% of the total market, a recent survey has revealed that 85% of building companies are planning to increase their use of the method. Discusses the benefits of offsite construction, which include reduced build time, cost savings, and sustainability issues. | ||
| 590 | _aKA | ||
| 651 | 4 |
_aUnited Kingdom _y |
|
| 690 |
_aConstruction management _96230 |
||
| 942 | _n0 | ||
| 999 |
_c79501 _d79501 |
||